The management of integrated freshwater agro-piscicultural ecosystems in tropical areas : Seminar: Brussels, 16-19 May 1994

保存先:
書誌詳細
フォーマット: 図書
言語:Undetermined
出版事項: Brussels Royal Academy of Overseas Science 1995
主題:
タグ: タグ追加
タグなし, このレコードへの初めてのタグを付けませんか!
Thư viện lưu trữ: Trung tâm Học liệu Trường Đại học Cần Thơ
LEADER 00625nam a2200181Ia 4500
001 CTU_42764
008 210402s9999 xx 000 0 und d
082 |a 577.55 
082 |b M266 
245 4 |a The management of integrated freshwater agro-piscicultural ecosystems in tropical areas : 
245 0 |b Seminar: Brussels, 16-19 May 1994 
245 0 |c Proceedings edited by J. J. Symoens, J. C. Micha 
260 |a Brussels 
260 |b Royal Academy of Overseas Science 
260 |c 1995 
650 |a Agricultural ecology 
904 |i Nguyễn Quang Điền 
980 |a Trung tâm Học liệu Trường Đại học Cần Thơ